000 01517nkm a2200325 i 4500
001 4352
003 ES-MaACL
005 20250713063024.0
007 khrbo
008 070710s1988 sp --- g |001||spa d
100 0 _aAlfonso,
_d1902-1990
_919858
245 1 0 _aEl menor ante la ley [
_hFotografía] /
_cAlfonso (sello).
260 _a[S.l. :
_bs.n.],
_c1988.
300 _a3 fot. :
_bb. y n. ;
_c12 x 18 cm.
500 _aDatos basados en invitación.
511 0 _aIntervienen: José Mario Arredondo, Félix Herrero Abad, José Forteza Alonso, Gerardo López Hernández, Enrique Martínez Reguera; modera: Cayetano Núñez Rivero.
518 _aActo organizado por el Ateneo de Madrid en colaboración con la Escuela de Educadores Especializados en Marginación, celebrado en el salón de actos el lunes, 6 de junio de 1988, a las 20:00 h.
600 1 4 _aArredondo, José Mario.
_923239
600 1 4 _aHerrero Abad, Félix.
_963288
600 1 4 _aForteza Alonso, José.
_951861
600 1 4 _aLópez Hernández, Gerardo.
_973694
600 1 4 _aMartínez Reguera, Enrique.
_978349
600 0 _aNúñez Rivero, Cayetano,
_d1948-
_9236824
610 2 4 _aAteneo de Madrid-
_xActos culturales-
_y1988-
_vFotografías.
_91903
710 2 _aAteneo de Madrid.
_91875
710 2 _aEscuela de Educadores Especializados en Marginación.
_93537
852 _aES-MaACL
_jFOT 166/1988
856 4 _uhttp://www.ateneodemadrid.net/biblioteca_digital/imagenes/1988/0166-1988.jpg
_zVer imagen
999 _c4352
_d4352